000
00403nam a22001697a 4500
003
MPLRDC
005
20220104143129.0
008
210129b ||||| |||| 00| 0 eng d
082
_a
528.956 DJ
100
_a
狄季著
245
_a
图解桌球技艺
_c
250
_a
一版一刷
260
_a
_b
福建科学技术出版社
_c
1986
300
_b
平
650
_a
桌球
942
_c
BK
_o
528.956 DJ
999
_c
36911
_d
36901